| 000 | 00646cam a2200193 a 4500 | ||
|---|---|---|---|
| 001 | 000001649 | ||
| 005 | 20200929145641.0 | ||
| 008 | 740726s1968 nyua 001 0 eng | ||
| 040 |
_aDO-SdBNP _cOClU _dDLC _dOCoLC _dDLC _dNST _dDLC |
||
| 050 | 0 | 0 |
_aAP2 _b.R2553 |
| 082 |
_a051 _bR286d |
||
| 245 | 0 | 0 |
_aReader's digest condensed books : _bautumn selections. |
| 260 |
_aPleasantville, New York : _bThe Reader's Digst Association, _c1968. |
||
| 300 |
_av. : _bil. ; _c20 cm. |
||
| 490 | 1 | _aL'evolution de l'humanité | |
| 500 | _aLa biblioteca posee el volumen 4. | ||
| 830 | 0 |
_aL'evolution de l'humanité. _95383 |
|
| 910 | _aCatalogación por copia / LC | ||
| 999 |
_c1536 _d1536 |
||